| 000 -ლიდერი |
| ფიქსირებული სიგრძის საკონტროლო ველი |
01311nam a22002417a 4500 |
| 003 - საკონტროლო ნომრის იდენტიფიკატორი |
| საკონტროლო ველი |
Ge_BSU |
| 005 - ბოლო ოპერაციის თარიღი და დრო |
| საკონტროლო ველი |
20200120123534.0 |
| 008 - ფიქსირებული სიგრძის მონაცემთა ელემენტები - ზოგადი ინფორმაცია |
| ფიქსირებული სიგრძის საკონტროლო ველი |
200120s2010 ||||| |||| 00| 0 geo d |
| 020 ## - წიგნის საერთაშორისო სტანდარტული ნომერი |
| International Standard Book Number |
9789941022906 |
| 041 ## - ენის კოდი |
| Language code of text/sound track or separate title |
geo |
| 080 ## - უნივერსალური ათობითი კლასიფიკაციის ინდექსი |
| Universal Decimal Classification number |
621.3.011.7(076.5 ტ-93 |
| 100 ## - მთავარი ჩანაწერი - პიროვნების სახელი |
| Personal name |
ტუღუში, მაია. |
| 9 (RLIN) |
2277 |
| 245 ## - ცნობა სათაურის შესახებ |
| Title |
ლაბორატორიული სამუშაოები ელექტრული წრედების თეორიაში : |
| Remainder of title |
სახელმძღვ. / |
| Statement of responsibility, etc |
მაია ტუღუში ; მადონა ლორია ; რედ. ნ. ჭედია. |
| 264 ## - წარმოების, გამოცემის, დისტრიბუციის და სხვა ცნობები |
| გამოცემის, წარმოების, დისტრიბუციის... ადგილი |
ბათუმი, |
| გამოცემის, წარმოების, დისტრიბუციის... თარიღი |
2010. |
| 300 ## - ფიზიკური აღწერა |
| Extent |
106 გვ. : |
| Other physical details |
ნახ., ცხრ. ; |
| Dimensions |
20 სმ. |
| 504 ## - BIBLIOGRAPHY, ETC. NOTE |
| Bibliography, etc |
ბიბლიოგრ.: გვ. 104. |
| 653 ## - INDEX TERM--UNCONTROLLED |
| Uncontrolled term |
ელექტრული წრედების თეორია |
| 653 ## - INDEX TERM--UNCONTROLLED |
| Uncontrolled term |
ელექტროტექნიკა |
| 700 ## - ADDED ENTRY--PERSONAL NAME |
| Personal name |
ლორია, მადონა |
| 9 (RLIN) |
5254 |
| 700 ## - ADDED ENTRY--PERSONAL NAME |
| Personal name |
ჭედია, ნუგზარ |
| Relator term |
რედაქტორი |
| 9 (RLIN) |
6249 |
| 710 ## - ADDED ENTRY--CORPORATE NAME |
| Relator term |
სახელმძღვ. ეძღვნება შოთა რუსთაველის სახელმწ. უნ-ტის დაარსების 75 წლისთავს |
| 9 (RLIN) |
6250 |
| 942 ## - ADDED ENTRY ELEMENTS (KOHA) |
| Source of classification or shelving scheme |
|
| Koha item type |
წიგნი |